Gdyby kluby piłkarskie miały flagi - Statystyki

Ogólne statystyki
  • Ten quiz został rozwiązany 8 110 razy
  • Średni wynik to 10 z 16
Statystyki odpowiedzi
Obrazkowy Odpowiedź % Poprawnych
Paris Saint-Germain
98%
Real Madryt
96%
FC Barcelona
90%
Bayern Monachium
81%
Manchester United
78%
Benfica
74%
FC Kopenhaga
72%
Al Nassr
66%
Celtic
66%
Chelsea
65%
Borussia Dortmund
52%
Roma
51%
Juventus
42%
Fenerbahçe
22%
Olympique Marsylia
19%
Los Angeles Galaxy
15%
Nie znaleziono quizów pasujących do podanych kryteriów
Rozkład punktacji
Procent ludzi z każdym wynikiem
Percentyl według liczby udzielonych odpowiedzi
Twoja historia wyników
Nie rozwiązałeś tego quizu